000 00347nam a2200145Ia 4500
008 230917s9999||||xx |||||||||||||| ||und||
040 _e43297
_aMAIN
041 _aEnglish
082 _a821.8 E46P
100 _aEliot, T S
245 0 _aPoetry written in early youth
260 _aLondon
_bFaber & Faber
_c1967
300 _a43 p.
942 _cBK
999 _c193432
_d193432